| 000 | 00928nam a2200289 a 4500 | ||
|---|---|---|---|
| 003 | CO-ViMGA | ||
| 005 | 20230915232210.0 | ||
| 008 | 101206s2008 ck gr 000 f spa d | ||
| 020 | _a9789584240484 | ||
| 040 |
_aCO-ViMGA _bspa _cCO-ViMGA |
||
| 041 | 1 | _heng | |
| 043 | _an-us--- | ||
| 082 | 0 | 4 |
_a863 _bS54c _220 |
| 100 | 1 |
_aSmith, Lisa Jane. _92259 |
|
| 245 | 1 | 0 |
_aConflicto / _cL. J. Smith ; traducción Gemma Gallart. |
| 260 | 2 |
_aBogotá : _bPlaneta, _bDestino, _c2014. |
|
| 300 |
_a231 p. ; _c24 cm. |
||
| 490 |
_acrónicas vampíricas; _v2 |
||
| 500 | _aSubtítulo tomado de la carátula. | ||
| 534 |
_pTítulo original : _tThe vampire diaries. The struggle. |
||
| 650 | 1 | 4 |
_aNovela de terror estadounidense. _92261 |
| 650 | 1 | 4 |
_aNovela estadounidense. _92233 |
| 650 | 1 | 4 |
_aNovela juvenil estadounidense. _91575 |
| 650 | 1 | 4 |
_aVampiros _v Novela. _92260 |
| 700 | 1 |
_aGallart, Gemma, _etr. _9515 |
|
| 942 |
_2ddc _cBK |
||
| 999 |
_c33751 _d33751 |
||